000 00316 a2200133 4500
001 155418
040 _cEscola São Tomás de Aquino
240 1 0 _aAprender e praticar gramática
_lpor
245 1 0 _aAprender e praticar gramática
362 0 _a2003
440 1 _aFTD
697 _aLíngua portuguesa
942 _cBK
999 _c155418
_d155418